| 000 | 00410 a2200145 4500 | ||
|---|---|---|---|
| 001 | 79083 | ||
| 082 | _a2893.68 517 ANT | ||
| 090 |
_c39576 _d39576 |
||
| 100 | _aAnton, Haward | ||
| 245 |
_aCalculus, (Late Transcendentals Combined 9th ED) _hEnglish _bInternational Student version |
||
| 260 |
_aAsia _bJohn Wiley & Sons _c2010 |
||
| 300 | _axx+1300p | ||
| 500 | _aDOS BS Reference Books | ||
| 505 | _aAHQ Books | ||
| 942 |
_aCAE NUST _k517 ANT |
||
| 999 |
_c314156 _d314156 |
||